000 04439nab a2200409 i 4500
003 BR-BrBNA
005 20240925102216.0
008 240925b2018 bl.|r|pooa||| 00| 0 eng |
040 _aBR-BrBNA
_beng
072 _aL74
_b5400
072 _aL70
100 _aMaronezi, M.C.
100 _aMadruga, G.M.
100 _aUscategui, R.A.R.
100 _aSimões, A.P.R.
100 _aSilva, P.
100 _aRodrigues, M.G.K.
100 _aCintra, C.A.
100 _aAssis, A.R.
100 _aVicente, W.R.R.
100 _aFeliciano, M.A.R.
245 _aPulmonar ARFI elastography and ultrasonography of canine fetal hydrops: case report
500 _aPublicação online, 14 ref.; 3 illus.; Summaries (En, Pt)
520 _a ABSTRACT - This case report describes diagnostic and prognostic applicability of pulmonary acoustic radiation force impulse elastography and ultrasonography in canine hydrops fetalis. We also explore these methods’ potential in prediction of postnatal respiratory dysfunction. Two pregnant bitches (English bulldog [case 1] and French bulldog [case 2]) were referred for sonographic evaluation in their last week of pregnancy. Ultrasound showed that in each bitch, one fetus presented with lung alterations (hyperechogenicity, irregular surface, and pleural effusion) and anasarca. The other fetuses of the litter were normal, and they were observed as light gray and dark blue on pulmonary elastography. Their shear-wave velocity was 0.75m/s. Fetuses with hydrops were observed as medium gray and dark blue, and the average shear-wave velocities were 1.05m/s (case 1) and 1.12m/s (case 2). Findings were compatible with increased lung rigidity. Six neonates of English bulldog and two of French bulldog showed no signs of clinical abnormalities during neonatal assessment. One puppy in each gestation presented with anasarca and respiratory distress, and died approximately 24 hours after birth. Novel ultrasound techniques (elastography) for assessing pulmonary tissues in abnormal fetuses in veterinary obstetrics can promote early, safe, and non-invasive diagnosis of canine prenatal and neonatal alterations. Keywords: canine, gestational ultrasonography, fetal abnormalities
520 _a RESUMO - Este relato de caso descreve a aplicabilidade diagnóstica e prognóstica da elastografia ARFI e ultrassonografia pulmonar em fetos caninos com hidropisia, como um método potencial para predizer a disfunção respiratória pós-natal nesses conceptos. Duas cadelas gestantes (Buldogue Inglês - caso 1 e Buldogue Francês - caso 2) foram encaminhadas para avaliação ultrassonográfica na última semana de gestação. Pela ultrassonografia foram observadas, em cada cadela, um feto apresentando alterações pulmonares (hiperecogenicidade, superfície irregular e derrame pleural) e anasarca. Outros fetos não apresentaram anormalidades. Os fetos normais apresentaram elastograma pulmonar cinza-claro e azulescuro e velocidade de cisalhamento de 0,75m/s. Os fetos com hidropisia apresentaram tonalidades cinza-média e azul-escura e velocidade de cisalhamento de 1,05m/s (caso 1) e 1,12m/s (caso 2). Esses achados são compatíveis com o aumento da rigidez pulmonar. Seis neonatos Buldogue Inglês e dois Buldogues Franceses não mostraram sinais de anormalidades clínicas na avaliação neonatal. Um filhote de cada gestação apresentou anasarca e dificuldade respiratória, vindo a óbito cerca de 24 horas após o nascimento. O uso das novas técnicas de ultrassonografia (elastografia) para avaliação de tecidos pulmonares em feto anormal, em obstetrícia veterinária, pode promover o diagnóstico precoce, seguro e não invasivo de alterações pré-natais e neonatais em conceptos caninos. Palavras-chave: canino, ultrassonografia gestacional, anormalidades fetais
650 _aCÃO
650 _aPRENHEZ
650 _aDISTÚRBIO FISIOLÓGICO
650 _aULTRASSOM
650 _aFETO
650 _aOBSTETRÍCIA
650 _aVETERINÁRIA
773 0 _01643
_9344677
_dBelo Horizonte-MG Universidade Federal de Minas Gerais - Escola de Veterinaria 1983
_o2024-5011
_tArquivo Brasileiro de Medicina Veterinária e Zootecnia (Brazil)
_x0102-0935
_gv. 70(5) p. 1409-1413; (2018)
_wBR2024002700
856 _uhttps://www.scielo.br/j/abmvz/a/NzFvfxZjCyMJmsTNbNnPbZb/?format=pdf&lang=en
942 _cANA
999 _c327804
_d327804